000 00717nam a22002297a 4500
008 161130s2013 br||||| |||| 00| 0 spa d
020 _a9788579950759
082 0 4 _a790.06
_bM188s
100 1 _aMartin, Paulo Ricardo.
_95647
245 1 0 _aSecs SP - siglo XXI /
_corganizado por Paulo Ricardo Martin y Hélcio Magalhaes.
246 0 2 _aServicio Social de Comercio São Paulo.
250 _a1a ed.
260 _aBrasil :
_bSecs SP,
_c2013.
300 _a230 p.
_bil. col.
653 1 0 _aArte contemporáneo
653 1 0 _aArte - Brasil
653 1 0 _aCentros de recreación
653 1 0 _aServicio social
653 1 0 _aAcción cultural - Brasil
653 1 0 _aSecs - Historia
700 1 _aMagalhaes, Hélcio.
_95648
999 _c1104
_d1104